Ethnic minorities in the modern nation state : working papers in the theory of multiculturalism and political integration

Αποθηκεύτηκε σε:
Λεπτομέρειες βιβλιογραφικής εγγραφής
Κύριος συγγραφέας: Rex, John
Μορφή: Βιβλίο
Γλώσσα:English
Δημοσίευση: Hampshire : Macmillan Press, c1996
Σειρά:Migration, minorities and citizenship
Θέματα:
Ετικέτες: Προσθήκη ετικέτας
Δεν υπάρχουν, Καταχωρήστε ετικέτα πρώτοι!

MARC

LEADER 00000nam a2200000 i 4500
001 1/26526
008 981217s1996 eng d
020 |a 0-333-65020-4 
035 |l 10037601 
040 |a GR-MY-UA  |b gre  |e aacr 
041 0 |a eng 
082 0 |a 305.8 
100 1 |a Rex, John. 
245 1 0 |a Ethnic minorities in the modern nation state :  |b working papers in the theory of multiculturalism and political integration /  |c John Rex 
260 |a Hampshire :   |b Macmillan Press,   |c c1996 
300 |a 258 p. 
490 1 |a Migration, minorities and citizenship 
504 |a Includes bibliofraphical references and index 
650 0 0 |a Minorities  |x Political activity. 
650 0 0 |a Ethnic groups  |x Political activity. 
650 0 0 |a Multiculturalism. 
650 0 0 |a Pluralism (Social sciences) 
650 0 0 |a Nationalism. 
650 0 0 |a Ethnic relations. 
650 0 0 |a Race relations. 
830 0 |a Migration, minorities and citizenship 
852 |a INST  |b LESVOS  |e 19981217  |h 305.8 REX  |p 005100017456  |q 005100017456  |t BK  |y 0 
901 |a BIBL-1999-1 
909 |a Λ  |b 060845 
922 |a 1ΕΛΗ  |b 199811  |c ΚΠΣ/ΤΚ  |d ΠΑΠΑΣΩΤΗΡΙΟΥ 
950 |a 103-1998-07-27